000 00354nam a2200145Ia 4500
008 220204s9999 xx 000 0 und d
082 _a633.73+633.72
_bSCH
100 _aSCHADIRA, David
245 0 _aBook of coffee and tea
260 _aNew York
_bSt Martin
_c1975
650 _aCoffee
650 _aHerbal teas
650 _aTea history
942 _cBK
999 _c34904
_d34904